000 00754nam a2200217Ii 4500
003 JO-AjNU
008 230605s9999||||xx |||||||||||||| ||und||
017 _a2022/5/2715
020 _a978-9923-43-102-3
040 _aJO-AjNU
_bara
_erda
_cJO-AjNU
041 _aara
050 1 4 _aQA76.9.2023
100 3 _aالتلمساني، مؤنس,
_eauthor
_963398
245 0 0 _aالامن السيبراني وحماية شبكات الانترنت من الفيروسات
250 _aط1
300 _a214ص
336 _atext
_btxt
_2rdacontent
337 _aunmediated
_bn
_2rdamedia
338 _avolume
_bnc
_2rdacarrier
650 4 _aامن البرمجيات-فيروسات الحاسوب-حماية البيانات-نظم المعلومات
_963399
999 _aA28756
_c32324
_d32324